<?xml version="1.0" encoding="UTF-8"?>
<record
    xmlns:xsi="http://www.w3.org/2001/XMLSchema-instance"
    xsi:schemaLocation="http://www.loc.gov/MARC21/slim http://www.loc.gov/standards/marcxml/schema/MARC21slim.xsd"
    xmlns="http://www.loc.gov/MARC21/slim">

  <leader>03399nam a2200373 u 4500</leader>
  <controlfield tag="001">797860</controlfield>
  <controlfield tag="005">20260506095618.0</controlfield>
  <controlfield tag="008">030227e20010202                    spa  </controlfield>
  <datafield tag="020" ind1=" " ind2=" ">
    <subfield code="a">970686041X</subfield>
  </datafield>
  <datafield tag="035" ind1=" " ind2=" ">
    <subfield code="a">797860</subfield>
  </datafield>
  <datafield tag="035" ind1=" " ind2=" ">
    <subfield code="a">(OCoLC)50126664</subfield>
  </datafield>
  <datafield tag="040" ind1=" " ind2=" ">
    <subfield code="c">comduadb</subfield>
  </datafield>
  <datafield tag="041" ind1=" " ind2=" ">
    <subfield code="a">spa</subfield>
  </datafield>
  <datafield tag="082" ind1=" " ind2="4">
    <subfield code="a">629</subfield>
  </datafield>
  <datafield tag="100" ind1="1" ind2="0">
    <subfield code="a">Umez-Eronini, Eronini</subfield>
    <subfield code="4">aut</subfield>
    <subfield code="e">aut</subfield>
    <subfield code="9">363287</subfield>
  </datafield>
  <datafield tag="245" ind1="1" ind2="0">
    <subfield code="a">Din&#xE1;mica de sistemas y control</subfield>
  </datafield>
  <datafield tag="260" ind1=" " ind2=" ">
    <subfield code="a">M&#xE9;xico :</subfield>
    <subfield code="b">Thomson Learning,</subfield>
    <subfield code="c">2001.</subfield>
  </datafield>
  <datafield tag="300" ind1=" " ind2=" ">
    <subfield code="a">xiv, 993 p&#xE1;ginas :</subfield>
    <subfield code="b">gr&#xE1;ficos, tablas.</subfield>
  </datafield>
  <datafield tag="505" ind1=" " ind2=" ">
    <subfield code="a">CONTENIDO : Prefacio. -- I. Modelado f&#xED;sico y construcci&#xF3;n de modelos. -- 1. Introducci&#xF3;n. -- 2. Especificaciones y comportamientos de los sistemas din&#xE1;micos. -- 3. Modelos de sistemas de ingenier&#xED;a en el espacio de estados. -- 4. Otros modelos de sistemas en espacio de estados. -- 5. Modelos de sistemas generalizados y an&#xE1;logos. -- II. La soluci&#xF3;n a los modelos. -- 6. Respuesta de los sistemas de par&#xE1;metros concentrados. -- 7. Soluci&#xF3;n de sistemas escalares de orden superior. -- 8. Soluci&#xF3;n adicional por transformaci&#xF3;n. -- 9. Representaci&#xF3;n de la din&#xE1;mica de sistemas. -- 10. Estabilidad de los sistemas din&#xE1;micos. -- III. Dise&#xF1;o de sistemas. -- 11. Introducci&#xF3;n al dise&#xF1;o de sistemas autom&#xE1;ticos de control. -- 12. Dise&#xF1;o en el dominio de frecuencia. -- 13. Configuraciones de control de lazos m&#xFA;ltiples y de otros tipos. -- 14. Sistemas de control de tiempo discreto. -- 15. Realizaci&#xF3;n de sistemas de control por microcomputadoras. -- Ap&#xE9;ndice A. Constantes, propiedades y factores de conversi&#xF3;n seleccionados. -- Ap&#xE9;ndice B. Algunos elementos de &#xE1;lgebra lineal. -- Ap&#xE9;ndice C. Respuestas a problemas seleccionados. -- &#xCD;ndice.</subfield>
  </datafield>
  <datafield tag="520" ind1="3" ind2=" ">
    <subfield code="a">RESUMEN : Este libro re&#xFA;ne los temas para los cursos de din&#xE1;mica de sistemas (o sistemas din&#xE1;micos) y controles autom&#xE1;ticos; presenta numerosos ejemplos de muy diversas &#xE1;reas de la ingenier&#xED;a como mec&#xE1;nica, el&#xE9;ctrica, electromec&#xE1;nica, fluidos y qu&#xED;mica. Adem&#xE1;s de toda esta diversidad, otra de las ventajas que ofrece el autor es que recoge las nuevas formas de ense&#xF1;anza del control, esto es, lleva a la par sistemas continuos y discretos de una sola entrada y una sola salida, as&#xED; como sistemas multivariables y control por multilazos. 
Sumadas a lo anterior, las siguientes caracter&#xED;sticas, conforman el texto m&#xE1;s innovador de esta disciplina: da mayor importancia al modelado de sistemas; la forma de presentar los temas es diferentea otros: modelado, an&#xE1;lisis y s&#xED;ntesis de los sistemas de control; tiene una gran cantidad de ejemplos gr&#xE1;ficos; el cap&#xED;tulo 15 est&#xE1; dedicado a la realizaci&#xF3;n de sistemas de control para microcomputadora; utiliza los sistemas Matlab y Mathcad para resolver los problemas; el tratamiento de controles autom&#xE1;ticos es tan amplio que cubre los sistemas de controles digitales.</subfield>
  </datafield>
  <datafield tag="650" ind1=" " ind2=" ">
    <subfield code="a">Sistemas el&#xE9;ctricos</subfield>
    <subfield code="9">38221</subfield>
  </datafield>
  <datafield tag="650" ind1=" " ind2=" ">
    <subfield code="a">Sistemas digitales</subfield>
    <subfield code="9">18457</subfield>
  </datafield>
  <datafield tag="650" ind1=" " ind2=" ">
    <subfield code="a">Energ&#xED;a cin&#xE9;tica</subfield>
    <subfield code="9">69397</subfield>
  </datafield>
  <datafield tag="650" ind1=" " ind2=" ">
    <subfield code="a">Redes el&#xE9;ctricas</subfield>
    <subfield code="9">1418</subfield>
  </datafield>
  <datafield tag="650" ind1=" " ind2=" ">
    <subfield code="a">Fluidos</subfield>
    <subfield code="9">40485</subfield>
  </datafield>
  <datafield tag="650" ind1=" " ind2="7">
    <subfield code="a">Matrices (Matem&#xE1;ticas)</subfield>
    <subfield code="2"></subfield>
    <subfield code="9">42711</subfield>
  </datafield>
  <datafield tag="650" ind1=" " ind2=" ">
    <subfield code="a">Vectores</subfield>
    <subfield code="9">6930</subfield>
  </datafield>
  <datafield tag="650" ind1=" " ind2=" ">
    <subfield code="a">&#xC1;lgebra matricial</subfield>
    <subfield code="9">85342</subfield>
  </datafield>
  <datafield tag="650" ind1=" " ind2="7">
    <subfield code="a">Din&#xE1;mica</subfield>
    <subfield code="2">lemb</subfield>
    <subfield code="9">61963</subfield>
  </datafield>
  <datafield tag="700" ind1="1" ind2="0">
    <subfield code="a">Jolly, Juan Carlos</subfield>
    <subfield code="4">trl</subfield>
    <subfield code="e">trl</subfield>
    <subfield code="9">820152</subfield>
  </datafield>
  <datafield tag="700" ind1="1" ind2="0">
    <subfield code="a">Palos B&#xE1;ez, Enrique</subfield>
    <subfield code="4">trl</subfield>
    <subfield code="e">trl</subfield>
    <subfield code="9">392168</subfield>
  </datafield>
  <datafield tag="700" ind1="1" ind2="0">
    <subfield code="a">Muro Cu&#xE9;llar, Basilio del</subfield>
    <subfield code="4">rev</subfield>
    <subfield code="e">rev</subfield>
    <subfield code="9">807109</subfield>
  </datafield>
  <datafield tag="942" ind1=" " ind2=" ">
    <subfield code="c">BOOK</subfield>
  </datafield>
  <datafield tag="999" ind1=" " ind2=" ">
    <subfield code="c">275203</subfield>
    <subfield code="d">275203</subfield>
  </datafield>
  <datafield tag="952" ind1=" " ind2=" ">
    <subfield code="0">0</subfield>
    <subfield code="1">0</subfield>
    <subfield code="4">0</subfield>
    <subfield code="7">0</subfield>
    <subfield code="8">GEN</subfield>
    <subfield code="a">BC</subfield>
    <subfield code="b">BC</subfield>
    <subfield code="d">2003-02-27</subfield>
    <subfield code="e">CIS (Corporacion Interuniversitaria de Servicios)</subfield>
    <subfield code="g">63000.00</subfield>
    <subfield code="i">C771428</subfield>
    <subfield code="l">0</subfield>
    <subfield code="o">629.8 U49</subfield>
    <subfield code="p">61000005059561</subfield>
    <subfield code="r">2023-04-25 00:00:00</subfield>
    <subfield code="t">1</subfield>
    <subfield code="w">2023-04-25</subfield>
    <subfield code="y">BOOKR</subfield>
  </datafield>
  <datafield tag="952" ind1=" " ind2=" ">
    <subfield code="0">0</subfield>
    <subfield code="1">0</subfield>
    <subfield code="4">0</subfield>
    <subfield code="7">0</subfield>
    <subfield code="8">GEN</subfield>
    <subfield code="a">BC</subfield>
    <subfield code="b">BC</subfield>
    <subfield code="d">2003-03-17</subfield>
    <subfield code="e">CIS (Corporacion Interuniversitaria de Servicios)</subfield>
    <subfield code="g">63000.00</subfield>
    <subfield code="i">C773154</subfield>
    <subfield code="l">0</subfield>
    <subfield code="o">629.8 U49 e3</subfield>
    <subfield code="p">61000005074755</subfield>
    <subfield code="r">2023-04-25 00:00:00</subfield>
    <subfield code="t">2</subfield>
    <subfield code="w">2023-04-25</subfield>
    <subfield code="y">BOOK</subfield>
  </datafield>
  <datafield tag="952" ind1=" " ind2=" ">
    <subfield code="0">0</subfield>
    <subfield code="1">0</subfield>
    <subfield code="4">0</subfield>
    <subfield code="7">0</subfield>
    <subfield code="8">GEN</subfield>
    <subfield code="a">BC</subfield>
    <subfield code="b">BC</subfield>
    <subfield code="d">2003-02-27</subfield>
    <subfield code="e">CIS (Corporacion Interuniversitaria de Servicios)</subfield>
    <subfield code="g">63000.00</subfield>
    <subfield code="i">C771429</subfield>
    <subfield code="l">0</subfield>
    <subfield code="o">629.8 U49 e2</subfield>
    <subfield code="p">61000005059554</subfield>
    <subfield code="r">2024-10-18 00:00:00</subfield>
    <subfield code="t">3</subfield>
    <subfield code="w">2023-04-25</subfield>
    <subfield code="y">BOOK</subfield>
  </datafield>
  <datafield tag="952" ind1=" " ind2=" ">
    <subfield code="0">0</subfield>
    <subfield code="1">0</subfield>
    <subfield code="4">0</subfield>
    <subfield code="7">0</subfield>
    <subfield code="8">GEN</subfield>
    <subfield code="a">BC</subfield>
    <subfield code="b">BC</subfield>
    <subfield code="d">2003-05-08</subfield>
    <subfield code="e">Interuniversitaria</subfield>
    <subfield code="g">63000.00</subfield>
    <subfield code="i">C777786</subfield>
    <subfield code="l">0</subfield>
    <subfield code="o">629.8 U49 e4</subfield>
    <subfield code="p">61000005097716</subfield>
    <subfield code="r">2023-04-25 00:00:00</subfield>
    <subfield code="t">4</subfield>
    <subfield code="w">2023-04-25</subfield>
    <subfield code="y">BOOKR</subfield>
  </datafield>
  <datafield tag="952" ind1=" " ind2=" ">
    <subfield code="0">0</subfield>
    <subfield code="1">0</subfield>
    <subfield code="4">0</subfield>
    <subfield code="7">0</subfield>
    <subfield code="8">GEN</subfield>
    <subfield code="a">BC</subfield>
    <subfield code="b">BC</subfield>
    <subfield code="d">2004-12-09</subfield>
    <subfield code="e">Cooprudea (Cooperativa de Profesores de la Universidad de Antioquia)</subfield>
    <subfield code="g">72000.00</subfield>
    <subfield code="i">C850816</subfield>
    <subfield code="l">0</subfield>
    <subfield code="o">629.8 U49 e5</subfield>
    <subfield code="p">0554262</subfield>
    <subfield code="r">2026-03-13 17:05:09</subfield>
    <subfield code="t">5</subfield>
    <subfield code="w">2023-04-25</subfield>
    <subfield code="y">BOOK</subfield>
  </datafield>
  <datafield tag="952" ind1=" " ind2=" ">
    <subfield code="0">0</subfield>
    <subfield code="1">0</subfield>
    <subfield code="4">0</subfield>
    <subfield code="7">0</subfield>
    <subfield code="8">GEN</subfield>
    <subfield code="a">BC</subfield>
    <subfield code="b">BC</subfield>
    <subfield code="d">2022-03-08</subfield>
    <subfield code="e">Material adquirido por donaci&#xF3;n</subfield>
    <subfield code="g">95000.00</subfield>
    <subfield code="i">C13320696</subfield>
    <subfield code="l">0</subfield>
    <subfield code="o">629.8 U49 e6</subfield>
    <subfield code="p">01089551</subfield>
    <subfield code="r">2026-02-24 14:03:48</subfield>
    <subfield code="t">6</subfield>
    <subfield code="w">2023-04-25</subfield>
    <subfield code="y">BOOK</subfield>
  </datafield>
</record>
